| 000 | 00567nam a2200193Ia 4500 | ||
|---|---|---|---|
| 001 | 61339 | ||
| 008 | 170118n1991 ii |||gr||||Z||||||465 | ||
| 020 | _a978-81-317-5893-9 | ||
| 082 | _a330.954 | ||
| 100 |
_aPrakash, B. A., _eAuthor. |
||
| 245 | 0 |
_aThe Indian economy since 1991: Economic reforms and performance _cEdited by B. A. Prakash _hTextual Documents |
|
| 250 | _a2nd ed. | ||
| 260 |
_aUP _bPearson Education Pvt.Ltd _c1991 |
||
| 300 |
_axxvi, 689p: _c23cm. |
||
| 653 | _aEconomics | ||
| 653 | _aIndian economy | ||
| 653 | _aG-Economics | ||
| 942 |
_2ddc _cBK |
||
| 999 |
_c62448 _d62448 |
||